| 000 | 00424nam a2200157 4500 | ||
|---|---|---|---|
| 001 | 121030 | ||
| 003 | ES-MaACL | ||
| 005 | 20230906191655.0 | ||
| 007 | t| | ||
| 008 | 070214s1963 ag r ||||1| spa d | ||
| 245 | 0 | 4 |
_aLos Premios `Boscán` de poesía _b: 1949-1961. |
| 250 | _a1ª ed. | ||
| 260 |
_aBuenos Aires [etc.] : _bPlaza & Janés, _c1963. |
||
| 300 |
_a333 p. ; _c19 cm. |
||
| 852 |
_aES-MaACL _jC-26084 _bR.54993 |
||
| 999 |
_c121030 _d121030 |
||